LEADER 01069nam2 2200397 450 001 990002409170203316 005 20050322105132.0 035 $a000240917 035 $aUSA01000240917 035 $a(ALEPH)000240917USA01 035 $a000240917 100 $a20050322g1997----km-y0itay0103----ba 101 $aita 102 $aIT 105 $a||||||||001yy 200 1 $a<> condominio 205 $a5. ed. 210 $aMilano$cGiuffrè$dcopyr. 1997 215 $av.$d24 cm. 410 0$12001 454 1$12001 461 1$10010055670$12001$a<> diritto immobiliare 606 0 $aCondominio$xGiurisprudenza 676 $a346.450433 700 1$aDE TILLA,$bMaurizio$07752 801 0$aIT$bsalbc$gISBD 912 $a990002409170203316 951 $aTRA B 1/iv$bDIRCE 959 $aBK 969 $aDIRCE 979 $aDIRCE$b90$c20050322$lUSA01$h1020 979 $aDIRCE$b90$c20050322$lUSA01$h1022 979 $aDIRCE$b90$c20050322$lUSA01$h1044 979 $aDIRCE$b90$c20050322$lUSA01$h1051 996 $aCondominio$9122519 997 $aUNISA LEADER 00920nam0-22003251i-450- 001 990006021530403321 005 20050530112725.0 035 $a000602153 035 $aFED01000602153 035 $a(Aleph)000602153FED01 035 $a000602153 100 $a20000112d1977----km-y0itay50------ba 101 0 $aita 102 $aIT 105 $ay-------001yy 200 1 $a<>eccezione narrativa$ela Provenza medievale e l'arte del racconto$fAlberto Limentani 210 $aTorino$cEinaudi$d1977 215 $aVIII, 329 p.$d21 cm 225 1 $aNuova biblioteca scientifica Einaudi$v60 676 $a849$v21$zita 700 1$aLimentani,$bAlberto$0154825 801 0$aIT$bUNINA$gRICA$2UNIMARC 901 $aBK 912 $a990006021530403321 952 $aCOLLEZ. 286 (60)$b2694*$fFGBC 952 $aF.Russo 159$fBAT 959 $aFGBC 959 $aBAT 996 $aEccezione narrativa$9142567 997 $aUNINA